Classement du Ballon d'or 1977 - Statistiques

Statistiques générales
  • Ce quiz a été pris 22 fois
  • Le résultat moyen est 6 sur 32
Statistiques - réponses
Classement Joueur Club du joueur Nationalité % Correct
3 Michel Platini AS Nancy-Lorraine France
100%
5 Johan Cruyff FC Barcelone Pays-Bas
76%
2 Kevin Keegan Liverpool FC / Hambourg SV Angleterre
76%
1 Allan Simonsen Borussia Mönchengladbach Danemark
59%
18 Marius Trésor Olympique de Marseille France
53%
21 Dieter Müller FC Cologne Allemagne de l'Ouest
47%
16 Dominique Bathenay AS Saint-Etienne France
29%
19 Ruud Krol Ajax Amsterdam Pays-Bas
29%
26 Giancarlo Antognoni ACF Fiorentina Italie
24%
29 Johann Krankl Rapid Vienne Autriche
24%
11 Berti Vogts Borussia Mönchengladbach Allemagne de l'Ouest
18%
8 Rob Rensenbrink RSC Anderlecht Pays-Bas
18%
7 Tibor Nyilasi Ferencvaros TC Hongrie
18%
32 Ray Kennedy Liverpool FC Angleterre
12%
17 Anders Linderoth Östers IF / Olympique de Marseille Suède
6%
31 Gérard Janvion AS Saint-Etienne France
6%
23 Peter Shilton Stoke City / Nottingham Forest Angleterre
6%
25 Rainer Bonhof Borussia Mönchengladbach Allemagne de l'Ouest
6%
4 Roberto Bettega Juventus FC Italie
6%
30 Andras Töröcsik Ujpest FC Hongrie
0%
9 Dudu Georgescu Dinamo Bucarest Roumanie
0%
10 Emlyn Hughes Liverpool FC Angleterre
0%
14 Franco Causio Juventus FC Italie
0%
28 Gordon McQueen Leeds United Ecosse
0%
20 Heinz Flohe FC Cologne Allemagne de l'Ouest
0%
22 José Martinez Sanchez Real Madrid Espagne
0%
27 Jürgen Grabowski Eintracht Francfort Allemagne de l'Ouest
0%
6 Klaus Fischer Schalke 04 Allemagne de l'Ouest
0%
15 Ronnie Hellström FC Kaiserslautern Suède
0%
24 Ruud Geels Ajax Amsterdam Pays-Bas
0%
12 Steve Heighway Liverpool FC Irlande
0%
13 Trevor Brooking West Ham United Angleterre
0%
Aucun quiz correspondant
Distribution des résultats
% des personnes avec chaque résultat
Percentile par nombre de réponses
Votre historique - résultats
Vous n’avez pas pris ce quiz